Foundations of materials science and engineering 5th in SI Units / (Record no. 565785)
[ view plain ]
| 000 -LEADER | |
|---|---|
| fixed length control field | 00462nam a2200145Ia 4500 |
| 008 - FIXED-LENGTH DATA ELEMENTS--GENERAL INFORMATION | |
| fixed length control field | 210430s9999 xx 000 0 und d |
| 020 ## - INTERNATIONAL STANDARD BOOK NUMBER | |
| International Standard Book Number | 9780071311144 |
| 082 ## - DEWEY DECIMAL CLASSIFICATION NUMBER | |
| Classification number | 620.11 S639 |
| 100 ## - MAIN ENTRY--PERSONAL NAME | |
| Personal name | Smith, William F., Javad Hashemi |
| 9 (RLIN) | 67301 |
| 245 ## - TITLE STATEMENT | |
| Title | Foundations of materials science and engineering 5th in SI Units / |
| Statement of responsibility, etc. | Smith, William F. |
| 250 ## - EDITION STATEMENT | |
| Edition statement | 5th edition |
| 260 ## - PUBLICATION, DISTRIBUTION, ETC. | |
| Place of publication, distribution, etc. | Dubuque, IA : |
| Name of publisher, distributor, etc. | McGraw-Hill, |
| Date of publication, distribution, etc. | 2011 |
| 300 ## - PHYSICAL DESCRIPTION | |
| Extent | xviii, 1068 p. : |
| 942 ## - ADDED ENTRY ELEMENTS (KOHA) | |
| Koha item type | Reference |
| Source of classification or shelving scheme | |
| Withdrawn status | Lost status | Source of classification or shelving scheme | Damaged status | Not for loan | Permanent Location | Current Location | Shelving location | Date acquired | Total Checkouts | Full call number | Barcode | Date last seen | Date last checked out | Price effective from | Koha item type |
|---|---|---|---|---|---|---|---|---|---|---|---|---|---|---|---|
| School of Chemical & Materials Engineering (SCME) | School of Chemical & Materials Engineering (SCME) | Reference | 11/16/8 | 1 | 620.11 S639 | SCME-4734 | 10/02/2023 | 09/15/2023 | 04/30/2021 | Book |
